All official RobTop levels GD - Statistics

General Stats
  • This quiz has been taken 56 times
  • The average score is 19 of 21
Answer Stats
# Answer % Correct
2 Back on Track
98%
1 Stereo Madness
98%
6 Can't Let Go
95%
12 Theory of Everything
95%
8 Time Machine
95%
10 X step
95%
5 Base After Base
90%
14 Clubstep
90%
11 Clutterfunk
90%
9 Cycles
90%
20 Deadlocked
90%
7 Jumper
90%
18 Theory of Everything 2
90%
4 Dry Out
86%
15 Electrodynamix
86%
21 Fingerdash
86%
16 Hexagon Force
86%
3 Polargeist
86%
13 Electroman Adventures
83%
17 Blast Processing
81%
19 Geometrical Dominator
81%
No matching quizzes found
Score Distribution
Percent of People with Each Score
Percentile by Number Answered
Your Score History
You have not taken this quiz